[Event "Novokuznetsk Old Stager op"]
[Site "Novokuznetsk"]
[Date "2015.02.01"]
[Round "7"]
[White "Popov, Yury"]
[Black "Maksichko, Vasily"]
[Result "1-0"]
[WhiteElo "1989"]
[BlackElo "1809"]
[PlyCount "55"]
[EventDate "2015.01.10"]
[EventType "swiss"]
[EventRounds "9"]
[EventCountry "RUS"]
[SourceTitle "EXT 2018"]
[Source "ChessBase"]
[SourceDate "2017.10.13"]
[SourceVersion "1"]
[SourceVersionDate "2017.10.13"]
[SourceQuality "1"]

1. d4 Nf6 2. c4 e6 3. a3 b6 4. Nc3 Bb7 5. f3 d5 6. cxd5 exd5 7. Bg5 h6 8. Bh4 Be7 9. e3 Nbd7 10. Bd3 c5 11. Nge2 Nh5 12. Bf2 c4 13. Bc2 0-0 14. e4 dxe4 15. fxe4 Bg5 16. 0-0 a6 17. Ng3 Nxg3 18. Bxg3 Nf6 19. d5 b5 20. Qf3 g6 21. h4 Nxe4 22. Qxe4 f5 23. Qe6+ Kg7 24. hxg5 Re8 25. Be5+ Kf8 26. Rxf5+ gxf5 27. Qxf5+ Ke7 28. Bf6+ 1-0

[Event "Novokuznetsk-ch"]
[Site "Novokuznetsk"]
[Date "2011.??.??"]
[Round "6"]
[White "Popov, Yury"]
[Black "Morokov, Anatoliy"]
[Result "1-0"]
[WhiteElo "1999"]
[BlackElo "1773"]
[PlyCount "79"]
[EventDate "2011.11.19"]
[EventType "swiss"]
[EventRounds "9"]
[EventCountry "RUS"]
[SourceTitle "EXT 2013"]
[Source "ChessBase"]
[SourceDate "2012.11.22"]
[SourceVersion "1"]
[SourceVersionDate "2012.11.22"]
[SourceQuality "1"]

1. d4 Nf6 2. c4 g6 3. Nc3 d5 4. cxd5 Nxd5 5. e4 Nxc3 6. bxc3 Bg7 7. f4 0-0 8. Nf3 c5 9. Be3 Qa5 10. Bd2 b5 11. Qb3 c4 12. Qb2 Nd7 13. a4 Ba6 14. axb5 Qxb5 15. Qa2 Nb8 16. Be2 Bb7 17. Bxc4 Qc6 18. Bd3 a5 19. 0-0 Ba6 20. Qxa5 Bxd3 21. Qxa8 Qe6 22. Rfe1 Nc6 23. Qa4 Qg4 24. Qxc6 f5 25. Qe6+ Kh8 26. exf5 gxf5 27. Ne5 Qh5 28. Nxd3 Rg8 29. Ne5 h6 30. Ng6+ Kh7 31. Nxe7 Re8 32. Qxf5+ Qxf5 33. Nxf5 Bxd4+ 34. cxd4 Rf8 35. g4 Rg8 36. Re7+ Kh8 37. d5 h5 38. Bc3+ Rg7 39. Rxg7 hxg4 40. Ra8# 1-0

[Event "Novokuznetsk-ch op"]
[Site "Novokuznetsk"]
[Date "2010.11.27"]
[Round "4"]
[White "Popov, Yury"]
[Black "Khalimanov, Alexandr"]
[Result "1/2-1/2"]
[WhiteElo "2014"]
[BlackElo "1948"]
[PlyCount "76"]
[EventDate "2010.11.14"]
[EventType "swiss"]
[EventRounds "9"]
[EventCountry "RUS"]
[SourceTitle "EXT 2022"]
[Source "ChessBase"]
[SourceDate "2021.10.06"]
[SourceVersion "1"]
[SourceVersionDate "2021.10.06"]
[SourceQuality "1"]

1. d4 e6 2. c4 Nf6 3. a3 d5 4. cxd5 exd5 5. Bg5 Be7 6. e3 0-0 7. Bd3 Nbd7 8. Nc3 Re8 9. Nge2 c5 10. Rc1 cxd4 11. Nxd4 Nc5 12. Bb1 Ne6 13. Nxe6 fxe6 14. Qd3 g6 15. 0-0 Bd7 16. Rfe1 Bc6 17. Qd4 Nh5 18. Bxe7 Qxe7 19. f4 Qf6 20. Ne2 e5 21. Qc3 Rac8 22. fxe5 Qg5 23. Nd4 Qxe5 24. Nf3 Qxc3 25. Rxc3 Nf6 26. h3 Kg7 27. Nd4 Bd7 28. Rec1 Rxc3 29. Rxc3 Rc8 30. Rxc8 Bxc8 31. Nb5 Bd7 32. Nxa7 Ne8 33. Bd3 Nd6 34. b3 Kf6 35. Kf2 b5 36. Kg3 Ke5 37. Kf3 Be8 38. Ke2 Bd7 1/2-1/2

[Event "Novokuznetsk op"]
[Site "Novokuznetsk"]
[Date "2008.11.23"]
[Round "2"]
[White "Shukan, Alexander"]
[Black "Popov, Yury"]
[Result "1-0"]
[WhiteElo "2178"]
[BlackElo "2039"]
[PlyCount "29"]
[EventDate "2008.11.22"]
[EventType "swiss"]
[EventRounds "9"]
[EventCountry "RUS"]
[SourceTitle "CBM 127 Extra"]
[Source "ChessBase"]
[SourceDate "2009.01.08"]
[SourceVersion "2"]
[SourceVersionDate "2009.01.28"]
[SourceQuality "1"]

1. e4 d6 2. Nc3 f5 3. d4 fxe4 4. Nxe4 d5 5. Ng3 Nf6 6. Bg5 Qd6 7. Bd3 Qb4+ 8. c3 Qxb2 9. N1e2 Nbd7 10. 0-0 h6 11. Qa4 Qb6 12. Rab1 Qc6 13. Nf4 a6 14. Qxc6 bxc6 15. Bg6+ 1-0